000 00658nam a22002057a 4500
999 _c61766
_d61766
005 20240430115442.0
008 240430s2005 enk||||| |||| 00| 0 eng d
020 _a9780443073366x
041 _aeng
080 _a616.8 R-32
100 _aReid, Robin
_921997
245 _aPathology Illustrated /
_cRobin Reid, Fiona Roberts.
250 _a6th Edition
264 _aEdinburgh :
_bElsevier,
_c2005.
300 _a678 p.:
_bill.;
_c25 cm.
653 _aილუსტრირებული პათოლოგიები
653 _aმედიცინა
700 _aRoberts, Fiona
_eავტორი
_921998
942 _2udc
_cᲬᲘᲒᲜᲘ